[Event "Oberliga NRW 9798 I"]
[Site "Germany"]
[Date "1998.??.??"]
[Round "8.8"]
[White "Kinderreich, Andreas"]
[Black "Claesen, Jeroen"]
[Result "0-1"]
[WhiteElo "2200"]
[BlackElo "2290"]
[PlyCount "83"]
[EventDate "1997.10.??"]
[EventType "team"]
[EventRounds "9"]
[EventCountry "GER"]
[SourceTitle "EXT 1999"]
[Source "ChessBase"]
[SourceDate "1998.11.16"]
[SourceVersion "1"]
[SourceVersionDate "1998.11.16"]
[SourceQuality "1"]
[WhiteTeam "Aachen"]
[BlackTeam "Palenberg"]
[WhiteTeamCountry "GER"]
[BlackTeamCountry "GER"]

1. d4 Nf6 2. g3 c5 3. d5 g6 4. Bg2 d6 5. c4 b5 6. cxb5 a6 7. bxa6 Bg7 8. Nc3 0-0 9. Nf3 Nxa6 10. Nd2 Nc7 11. 0-0 Ba6 12. Re1 Nd7 13. Nf1 Qb8 14. Qc2 Nb5 15. Nxb5 Bxb5 16. Ne3 Ba4 17. Qe4 Ne5 18. a3 Qb5 19. Rb1 Bb3 20. Nd1 Bxd1 21. Rxd1 Qb3 22. Bg5 f6 23. Qe3 Rfb8 24. Bf4 Qxe3 25. Bxe3 Nc4 26. Be4 Nxb2 27. Rd2 f5 28. Bc2 Rxa3 29. Bd3 Rab3 30. Bc2 R3b7 31. Bf4 Bc3 32. Rdd1 Nxd1 33. Rxd1 Ra8 34. Kg2 c4 35. Kf3 Ra1 36. Rxa1 Bxa1 37. Ke3 Bf6 38. h4 Rb2 39. Kd2 Kf7 40. h5 Ra2 41. hxg6+ hxg6 42. Be3 0-1